Normal view
MARC view
- Banks and banking -- Computer networks
Entry Topical Term
001 - CONTROL NUMBER
- control field: 6325
003 - CONTROL NUMBER IDENTIFIER
- control field: JO-AjAnu
005 - DATE AND TIME OF LATEST TRANSACTION
- control field: 20230606071327.0
008 - FIXED-LENGTH DATA ELEMENTS
- fixed length control field: 230606|| aca||aabn | a|a d
040 ## - CATALOGING SOURCE
- Original cataloging agency: JO-AjAnu
- Transcribing agency: JO-AjAnu
150 ## - HEADING--TOPICAL TERM
- Topical term or geographic name entry element: Banks and banking -- Computer networks
670 ## - SOURCE DATA FOUND
- Source citation: Work cat.: (JO-AjAnu)3276: GHARAIBEH, MALIK KHLAIF, author 6324, A CONCEPTUAL FRAMEWORK FOR INTENTION TO USE MOBILE BANKING SERVICES: A STUDY FROM JORDAN